Φρίντα Κάλο : η ζωή μιας αδάμαστης γυναίκας
Αποθηκεύτηκε σε:
| Κύριος συγγραφέας: | |
|---|---|
| Μορφή: | Βιβλίο |
| Γλώσσα: | Greek German |
| Δημοσίευση: |
Αθήνα :
Μελάνι,
c2011.
|
| Θέματα: | |
| Ετικέτες: |
Προσθήκη ετικέτας
Δεν υπάρχουν, Καταχωρήστε ετικέτα πρώτοι!
|
MARC
| LEADER | 00000cam a2200000 i 4500 | ||
|---|---|---|---|
| 001 | 1/57135 | ||
| 008 | 140929s2011 gr | ||| |||| ||gre|| | ||
| 020 | |a 9789609530019 | ||
| 035 | |l 10119298 | ||
| 040 | |a GR-MyUa |b gre |e AACR2 | ||
| 041 | 1 | |a gre |h ger | |
| 082 | 7 | |a 700.92 |2 (23) | |
| 100 | 1 | |a Salber, Linde. | |
| 245 | 1 | 0 | |a Φρίντα Κάλο : |b η ζωή μιας αδάμαστης γυναίκας / |c Λίντε Ζάλμπερ ; μετάφραση Σίσσυ Παπαδάκη. |
| 260 | |a Αθήνα : |b Μελάνι, |c c2011. | ||
| 300 | |a 168 σ. : |b εικ. ; |c 21 εκ. | ||
| 500 | |a Τίτλος πρωτοτύπου: Frida Kahlo. | ||
| 600 | 1 | 0 | |a Kahlo, Frida. |
| 650 | 0 | |a Painters |z Mexico |x Biography. | |
| 852 | |a INST |b SYROS |e 20140929 |h 700.92 KAH |p 005500012452 |q 005500012452 |t BK |y 0 | ||
| 901 | |a BIBL5-2014-3 | ||
| 922 | |a 5ΕΛΗ |b 201407 |c Βιβλιοθήκη Σύρου |d Π. Ιωαννίδιου | ||
| 970 | |a Κοντού |b Παρασκευή |z 29/09/2014 | ||